7 Countries That Border Poland Quiz Stats

Quiz Updated Nov 8, 2017

Challenge
Share
Tweet
Embed
Score 0/7 Timer 01:30
1 Play Today
% Correct
Germany
95.9%
Czechia
83.8%
Russia
77.6%
Lithuania
75.5%
Slovakia
68.6%
Belarus
68.2%
Ukraine
62.3%

You're not logged in!

Compare scores with friends on all Sporcle quizzes.
Sign Up with Email
OR
Log In

You Might Also Like...

Show Comments

Extras

Top Quizzes Today


Score Distribution

Your Account Isn't Verified!

In order to create a playlist on Sporcle, you need to verify the email address you used during registration. Go to your Sporcle Settings to finish the process.